Vista normal
Vista MARC
Entrada Meeting Name
Número de registros utilizados en: 1
001 - CONTROL NUMBER
- control field: 41308
003 - CONTROL NUMBER IDENTIFIER
- control field: OSt
005 - DATE AND TIME OF LATEST TRANSACTION
- control field: 20211026155437.0
008 - FIXED-LENGTH DATA ELEMENTS
- fixed length control field: 211026|| aca||aabn | a|a d
040 ## - CATALOGING SOURCE
- Original cataloging agency: OSt
- Transcribing agency: OSt
111 ## - HEADING--MEETING NAME
- Meeting name or jurisdiction name as entry element: Sesiones de la CEPAL
- Number of part/section/meeting: (34° :
- Date of meeting or treaty signing: 2012 :
- Location of meeting: San Salvador)
670 ## - SOURCE DATA FOUND
- Source citation: Work cat.: (OSt)8623: 2893, Cambio estructural para la igualdad : , 2012